The call goes out for inspectors (Record no. 74668)

MARC details
000 -LEADER
fixed length control field 01312cab a2200241 4500
001 - CONTROL NUMBER
control field ABS68568
008 - FIXED-LENGTH DATA ELEMENTS--GENERAL INFORMATION
fixed length control field 041214n2004 000 0 eng u
035 ## - SYSTEM CONTROL NUMBER
System control number (Sirsi) u128295
100 ## - MAIN ENTRY--PERSONAL NAME
Personal name Norwood, G.
245 #4 - TITLE STATEMENT
Title The call goes out for inspectors
260 ## - PUBLICATION, DISTRIBUTION, ETC.
Date of publication, distribution, etc. 2004
490 ## - SERIES STATEMENT
Series statement Estates Gazette
Volume/sequential designation (0447) 20 November 2004, 152-153(3)
520 ## - SUMMARY, ETC.
Summary, etc. Looks at the residential property industry's largest recruitment campaign: the training and employment of 7 500 home inspectors who will prepare Home Condition Reports (HCRs) as part of home information packs, the new home selling procedure, which will be mandatory from January 2007. Government hopes that HCRs will replace lenders' surveys and HCRs will be stored on a database, which future sellers of a property will be able to access. Outlines the draft contents of the proposed HCR. Describes how inspectors will be selected and how their training will work before receipt of their diplomas.
590 ## - LOCAL NOTE (RLIN)
Local note ABS
650 ## - SUBJECT ADDED ENTRY--TOPICAL TERM
Topical term or geographic name entry element CAREERS, EDUCATION AND TRAINING
650 ## - SUBJECT ADDED ENTRY--TOPICAL TERM
Topical term or geographic name entry element CAREERS, EDUCATION AND TRAINING
650 ## - SUBJECT ADDED ENTRY--TOPICAL TERM
Topical term or geographic name entry element AWARDING BODY FOR THE BUILT ENVIRONMENT
650 ## - SUBJECT ADDED ENTRY--TOPICAL TERM
Topical term or geographic name entry element HOME INSPECTIONS
650 ## - SUBJECT ADDED ENTRY--TOPICAL TERM
Topical term or geographic name entry element HOME INFORMATION PACKS
650 ## - SUBJECT ADDED ENTRY--TOPICAL TERM
Topical term or geographic name entry element HOME CONDITION REPORTS
690 ## - LOCAL SUBJECT ADDED ENTRY--TOPICAL TERM (OCLC, RLIN)
Topical term or geographic name as entry element MANAGEMENT-BUSINESS MANAGEMENT-PROFESSIONAL PRACTICE
942 ## - ADDED ENTRY ELEMENTS (KOHA)
Suppress in OPAC 0
Holdings
Withdrawn status Lost status Source of classification or shelving scheme Damaged status Not for loan Home library Current library Shelving location Date acquired Total Checkouts Full call number Barcode Date last seen Copy number Price effective from Koha item type
    Dewey Decimal Classification     London London Journal article 14/12/2004   ABS68568 128295-1001 06/08/2019 1 06/08/2019 Journal article